Hamlet (Record no. 143669)

MARC details
000 -LEADER
fixed length control field 00343nam a2200145Ia 4500
008 - FIXED-LENGTH DATA ELEMENTS--GENERAL INFORMATION
fixed length control field 230917s9999||||xx |||||||||||||| ||und||
040 ## - CATALOGING SOURCE
-- 196591
Original cataloging agency VIVEKANANDA LIBRARY
041 ## - Language
-- English
082 ## - DDC NUMBER
Classification number 822.33 S15H
100 ## - MAIN ENTRY--PERSONAL NAME
Personal name Shakespeare, William
245 #0 - TITLE STATEMENT
Title Hamlet
260 ## - PUBLICATION, DISTRIBUTION, ETC. (IMPRINT)
Place of publication, distribution, etc London
Name of publisher, distributor, etc Wordsworth classics
Date of publication, distribution, etc 1992
300 ## - PHYSICAL DESCRIPTION
Pages 191 p.
942 ## - ADDED ENTRY ELEMENTS (KOHA)
Koha item type Books
Holdings
Withdrawn status Lost status Damaged status Not for loan Location (home branch) Sublocation or collection (holding branch) Date acquired Koha issues (times borrowed) Koha full call number Accession No. Koha date last seen Koha item type
        VIVEKANANDA LIBRARY VIVEKANANDA LIBRARY 21/02/2012 1 822.33 S15H 256214 27/08/2024 Books
© Designed and Maintained by Vivekananda Library, MDU Rohtak